| 000 | 01679aam a2200313 i 4500 | ||
|---|---|---|---|
| 001 | 768714001 | ||
| 003 | CO-MdFUSB | ||
| 005 | 20210309180601.0 | ||
| 007 | ta | ||
| 008 | 210115t1923 enk |||| |||| 00| 0 eng d | ||
| 020 | _a[No incluye ISBN] | ||
| 040 |
_bspa. _aCO-MdFUSB _cCO-MdFUSB _dCO-MdFUSBC _erda |
||
| 041 | _aeng | ||
| 082 |
_223 _a270.3 _bC855 |
||
| 100 |
_aCoulton, George Gordon, _eautor |
||
| 245 | 1 | 0 |
_aFive centuries of religion _c/ George Gordon, Coulton, |
| 264 | 1 |
_aCambridge, England : _bAt the University Press, _c[1923] |
|
| 264 | 4 | _c© 1923 | |
| 300 |
_axliii, 578 páginas _c; 23 cm |
||
| 336 |
_atexto _btxt _2rdacontent |
||
| 337 |
_2rdamedia _asin mediación _bn |
||
| 338 |
_2rdacarrier _avolumen _bnc |
||
| 505 | _aVolumen 1: St Bernard, his predecessors and successors, 1000-1200 A. D. - El significado de la vida monástica - El aumento de la vida monástica - El Dios del monje - El señor de las tinieblas - El infierno y el purgatorio - La salvaguardia de la capucha - La masa - La madre de Dios - El evangelio de María - La mujer y la fe - San Benito - La regla de San Benito - Hijos oblatos - Los milagros de San Benito - La necesidad de una reforma - Lo que los contemporáneos pensó - St Bernard - Clairvaux - El ideal cisterciense - Cistercienses y cluniacenses - Una fundación cisterciense - Cesáreo de Heisterbach - El alma de un novato - El novato y su amo - Los cistercienses de 1250 AD - Comercialismo y decclive - El eterno femenino - Los cistercienses inglesas - Epílogo - Apéndices | ||
| 563 | _aPasta dura | ||
| 650 | 0 |
_9153 _aHistoria de la Iglesia |
|
| 942 | _cBK | ||
| 945 | _aJTF-925 | ||
| 999 |
_c45967 _d45967 |
||